La IA como herramienta útil para la gestión de los riesgos legales / (Registro nro. 5255)
[ vista simple ]
| 000 -LEADER | |
|---|---|
| fixed length control field | 01236nmm a22002057a 4500 |
| 003 - CONTROL NUMBER IDENTIFIER | |
| control field | OSt |
| 005 - DATE AND TIME OF LATEST TRANSACTION | |
| control field | 20241007140453.0 |
| 008 - FIXED-LENGTH DATA ELEMENTS--GENERAL INFORMATION | |
| fixed length control field | 191018e xxu|||||o||d| 00| 0 spa d |
| 040 ## - CATALOGING SOURCE | |
| Transcribing agency | PJ |
| 100 ## - MAIN ENTRY--PERSONAL NAME | |
| Personal name | Docimo, Roberto Arturo |
| 9 (RLIN) | 6308 |
| 245 13 - TITLE STATEMENT | |
| Title | La IA como herramienta útil para la gestión de los riesgos legales / |
| Remainder of title | Roberto Arturo Docimo. |
| 260 ## - PUBLICATION, DISTRIBUTION, ETC. (IMPRINT) | |
| Place of publication, distribution, etc | Ciudad Autónoma de Buenos Aires : |
| Name of publisher, distributor, etc | Albremática, |
| Date of publication, distribution, etc | 2024. |
| 300 ## - PHYSICAL DESCRIPTION | |
| Extent | 11 p. |
| 500 ## - GENERAL NOTE | |
| General note | Doctrina de elDial.com<br/>Cita digital: DC34DF<br/><br/> |
| 505 ## - FORMATTED CONTENTS NOTE | |
| Formatted contents note | “La integración de la IA en la Gestión de Riesgos Legales representa una transformación significativa para el ámbito jurídico y empresarial. En este artículo se analiza cómo ésta puede mejorar la eficiencia, precisión y capacidad predictiva en la identificación y mitigación de riesgos, conforme los estándares establecidos en las ISO 31000:2018 y 31022:2020. También se identifican los desafíos cruciales relacionados con la privacidad, la seguridad y los sesgos en los datos y algoritmos.” |
| 505 ## - FORMATTED CONTENTS NOTE | |
| Title | Si te interesa el texto completo, solicitalo a: koha@justierradelfuego.gov.ar |
| 650 #0 - SUBJECT ADDED ENTRY--TOPICAL TERM | |
| 9 (RLIN) | 5817 |
| Topical term or geographic name as entry element | INTELIGENCIA ARTIFICIAL |
| 650 #0 - SUBJECT ADDED ENTRY--TOPICAL TERM | |
| 9 (RLIN) | 4023 |
| Topical term or geographic name as entry element | NUEVAS TECNOLOGIAS DE INFORMACION |
| 942 ## - ADDED ENTRY ELEMENTS (KOHA) | |
| Source of classification or shelving scheme | |
| Koha item type | Archivos electrónicos (en soportes) |
No hay ítems disponibles.
